000 00683nam a2200217 a 4500
005 20191224041839.0
008 160130t2008 ck a gr|||| 00| 0 spa d
040 _aCO-BoIAVH
_cCO-BoIAVH
041 _aspa
090 _aEA
_b384
110 2 _bCorporación Autónoma Regional de Cundinamarca
245 1 _aParticipación y control social en la gestión ambiental
260 _aBogotá
_bCAR
_c2008
300 _a75 paginas.
_bilustraciones
_c21 x 28 cm
650 4 _aGestión ambiental
650 4 _aParticipacion comunitaria
650 4 _aControl social
650 4 _aOrganización del estado
942 _cLIBRO
_2z
945 _d2008-11-12
999 _c6657
_d6657